| 000 | 02524Cam#a22005535a#4500 | ||
|---|---|---|---|
| 003 | AR-RoUNA | ||
| 005 | 20260408083845.0 | ||
| 008 | 140529||||||||||||||||| |||| 0|||| d | ||
| 020 | _a487140336-X C-1352 | ||
| 040 |
_aAR-RoUNA _bspa _dAR-RoUNA |
||
| 041 |
_aeng _hjpn |
||
| 044 | _aag | ||
| 080 | _a728.3 | ||
| 092 | _lG111 | ||
| 100 | 1 |
_aFutagawa, Yukio, _d1932- _4edt _97570 |
|
| 245 | 1 | 0 |
_aGA Houses _nNº40 |
| 246 | _aGlobal Architecture. | ||
| 260 |
_aTokio, Japón : _bA.D.A. EDITA, _cnov- 1993. |
||
| 300 |
_a157 p. : _bfot. byn. _bgráficos _bfot. col. _c30x23 cm |
||
| 505 | 0 | _tINDICE | |
| 505 | 0 | _tRobert McCarter / Frank Lloyd Wright 1. Ensayos sobre obras maestras residenciales. p. 11 | |
| 505 | 0 | _tRobert McCarter / Espacio plegado, lugar sin límites. Las casas de Frank Lloyd Wright, Parte 1: 1895-1915. p. 12 | |
| 505 | 0 | _tAlbert Frey / Casa Frey II, Palm Springs, California, 1963. p. 32 | |
| 505 | 0 | _tMecanoo / Casa con Estudio, Kralingse Plaslaan, Rotterdam, Países Bajos, 1991. p. 45 | |
| 505 | 0 | _tRobert Luchetti / Residencia Boulevard Sausalito, Sausalito, California. p. 58 | |
| 505 | 0 | _tFernaua y Hartman / Casa Von Stein, Sonoma Country, California, 1992. p. 67 | |
| 505 | 0 | _tFernaua y Hartman / Casa Laybourne y Art Barn, Telluride, Colorado, 1993. p. 82 | |
| 505 | 0 | _tWilliam Bruder / Residencia Theuer, Phoenix, Arizona, EE.UU, 1991. p. 94 | |
| 505 | 0 | _tAntoine Predock / Casa Winandy Desert Highland, Scottsdale, Arizoa. 1991. p. 100 | |
| 505 | 0 | _tRob Wellington Quigley / Edificio Beaumont, San Diego, California, 1988. p. 112 | |
| 505 | 0 | _tSottsass Associati / Casa Cei, Empoli, Italia, 1993. p. 121 | |
| 505 | 0 | _tSottsass Associati / Casa Melewar, Tokio, Japón, 1993. p. 126 | |
| 505 | 0 | _tWaro Kishi / Casa en Nakagyo, Nakagyo-ku, Kyoto, japón, 1993. p. 132 | |
| 505 | 0 | _tKen Yokogawa / Una casa en la colina, Yokohama, Kanagawa, Japón, 1993. p. 140 | |
| 505 | 0 | _tKrueck & Sexton / El apartamento de acero inoxidable, Chicago, Illinois, EE.UU, 1992. p. 149 | |
| 600 | 0 |
_96332 _aWright, Frank Lloyd, _d1867-1959. |
|
| 600 | 0 |
_96697 _aPredock, Antoine. |
|
| 600 | 0 |
_912946 _aKishi, Waro. |
|
| 650 | 4 | _aArquitectura contemporánea | |
| 650 | 4 | _aViviendas unifamiliares | |
| 650 | 4 | _aViviendas residenciales | |
| 651 | 4 |
_aJapón _9826 |
|
| 700 | 1 |
_aFujii, Wayne N.T _eedt _910562 |
|
| 908 | _aImp | ||
| 930 | _e12317 | ||
| 942 |
_2udc _cLIB |
||
| 945 | _d2020-02-12 | ||
| 980 |
_65 _aMaría Machado _85 _gMaría Machado |
||
| 999 |
_c12378 _d12378 |
||